000 00848nmm a2200253 a 4500
001 ocm0001061993
003 TR-IsHL
005 20201028151327.0
008 150709s1991 tu tur
007 cr cn
035 _a1061993
_b(N$T)
050 0 4 _aB753
_b.B33 1991
090 0 4 _aB753
_b.B33 1991
100 1 _aBabanzâde, Ahmed Naim
245 1 0 _aİslâm'da kavmiyetçilik yoktur
_h[electronic resource] /
_cAhmed Naim Babanzâde
260 _aİstanbul :
_bBedir Yayınları,
_c1991
300 _a97 p.
650 4 _aFelsefe, Psikoloji ve Din
650 4 _aPhilosophy, Psychology and Religion
650 0 _aİslam
_x Akaid ve Kelam
650 0 _aIslam
_x Aqaid and Kalam
650 7 _aRELIGION / Islam / General
_2bisacsh
856 4 0 _uhttp://search.ebscohost.com/login.aspx?direct=true&scope=site&db=e011xww&AN=1061993
999 _c10950
_d10950